Midweek Stumper - Statistics

General Stats
  • This quiz has been taken 173 times
  • The average score is 16 of 24
Answer Stats
Fragment Answer % Correct
Ch_ _ce Chance
88%
Ch_ _ce Choice
86%
Ab_ _rd Absurd
84%
Sc_ _pt Script
84%
Co_ _oy Convoy
82%
Sp_ _en Spleen
82%
So_ _ce Source
76%
Sp_ _se Spouse
76%
Ar_ _st Arrest
75%
Ab_ _rd Aboard
73%
Tr_ _ge Triage
73%
St_ _us Status
68%
Ch_ _el Chapel
67%
Mo_ _ue Morgue
67%
Ar_ _st Artist
64%
So_ _ce Solace
63%
Mo_ _ue Mosque
62%
Sp_ _se Sparse
62%
Sc_ _pt Sculpt
59%
Ch_ _el Chisel
57%
Sp_ _en Spoken
50%
St_ _us Stylus
37%
Co_ _oy Cowboy
35%
Tr_ _ge Trudge
35%
No matching quizzes found
Score Distribution
Percent of People with Each Score
Percentile by Number Answered
Your Score History
You have not taken this quiz